=LDR 00000nam 2200000 4500 =001 NUTBA000000000004798 =005 20141004113532.0 =006 =007 =008 =020 ##$$a 978-979-22-5973-7 =035 ##$$a 0010-101400000000028 =082 ##$$a 028.5 =090 ##$$a 028.5 =100 ##$$a Luke Paulson =245 ##$$a Als Sky - High ASdventure =260 ##$$a Jakarta $b Gramedia apaustaka Utama $c 2009 =300 ##$$a 14 hlm $b ilus $c 15 cm =850 ##$$a NBPNMAT =990 ##$$a 0001/BPAP-NTB/20142014